Mundialización /
A partir de los conceptos de mundialización, internacionalización y transnacionalización se formula una modelo tridimensional que vincula la mundialización del capitalismo, de las sociedades capitalistas nacionales y de los mercados y la economia internacional y se identifican los expulsores sistémi...
Kaydedildi:
| Yazar: | |
|---|---|
| Materyal Türü: | Metin |
| Konular: | |
| Etiketler: |
Etiketle
Etiket eklenmemiş, İlk siz ekleyin!
|
MARC
| LEADER | 00000 a a2200000 04500 | ||
|---|---|---|---|
| 001 | 12479 | ||
| 003 | |||
| 040 | |||
| 100 | |a Bazúa, Fernando | ||
| 245 | |a Mundialización / |c Fernando Bazúa | ||
| 520 | |a A partir de los conceptos de mundialización, internacionalización y transnacionalización se formula una modelo tridimensional que vincula la mundialización del capitalismo, de las sociedades capitalistas nacionales y de los mercados y la economia internacional y se identifican los expulsores sistémicos. Con base en ellos, se dilucidan tres fases históricas en la mundialización y se describen las singularidades de la fase actual. La tesis central es que la expansividad de la acumulación del capital ha conducido, a partir de la crisi general del capitalismo periférico en los ochenta, al derrumbe de las barreras proteccionistas que bloqueaban políticamente el libre cambio universal y a la aceleración simultánea de las tres dimensiones de la mundialización. Doc/PAG | ||
| 650 | |a INTERNACIONALIZACION | ||
| 650 | |a GLOBALIZACION | ||
| 650 | |a CAPITALISMO | ||
| 650 | |a ECONOMIA DE MERCADO | ||
| 650 | |a MERCADO INTERNACIONAL | ||
| 773 | |g volumen 9, número 17; páginas 9-32 | ||
| 999 | |c 27020 |d 27020 | ||
